[Event "West Attica-ch U10"]
[Site "Athens"]
[Date "2009.09.10"]
[Round "5"]
[White "Arvaniti, Aikaterini"]
[Black "Makrakis, Ioannis"]
[Result "0-1"]
[WhiteElo "1000"]
[BlackElo "1005"]
[PlyCount "87"]
[EventDate "2009.09.08"]
[EventType "swiss"]
[EventRounds "7"]
[EventCountry "GRE"]
[SourceTitle "EXT 2011"]
[Source "ChessBase"]
[SourceDate "2010.11.26"]
[SourceVersion "1"]
[SourceVersionDate "2010.11.26"]
[SourceQuality "1"]

1. e4 e6 2. d4 d6 3. Nf3 Nc6 4. Nc3 Nf6 5. Bc4 Bd7 6. Bf4 Be7 7. 0-0 0-0 8. Qd2 h6 9. Rfe1 g5 10. Bg3 g4 11. Nh4 Nh5 12. Rad1 b6 13. e5 Bxh4 14. Bxh4 Qxh4 15. g3 Nxg3 16. fxg3 Qd8 17. exd6 cxd6 18. Re4 f5 19. Rxe6 Bxe6 20. Bxe6+ Rf7 21. h4 Qf6 22. Bc4 Rc8 23. d5 Nd4 24. Qxd4 Qxd4+ 25. Rxd4 Re8 26. h5 Re1+ 27. Kf2 Rh1 28. Bb3 Rxh5 29. a4 Rh1 30. Nb5 Rd7 31. Rc4 Rd8 32. Nd4 h5 33. Kg2 Rb1 34. a5 Rxb2 35. Ba4 Ra2 36. Bb3 Rxa5 37. c3 Re8 38. Kf1 h4 39. gxh4 Kh8 40. h5 g3 41. h6 g2+ 42. Kg1 Ra1+ 43. Kh2 g1Q+ 44. Kh3 0-1